[Event "9th Bangabandhu Rapid Men 2021"]
[Site "Dhaka"]
[Date "2021.04.02"]
[Round "2.4"]
[White "Reefat, Bin-Sattar"]
[Black "Uddin, Md. Saif"]
[Result "0-1"]
[WhiteElo "2409"]
[BlackElo "1855"]
[Annotator "TA"]
[PlyCount "92"]
[EventDate "2021.04.02"]
[EventType "swiss"]
[EventCountry "BAN"]
[SourceTitle "playchess.com"]
[Source "ChessBase"]
[SourceQuality "1"]

{[%evp 11,92,22,38,38,52,0,0,-43,-38,-24,0,3,106,100,112,112,107,70,83,35,226,169,147,114,114,110,114,114,114,112,112,110,111,112,112,112,112,104,155,159,254,252,254,146,142,160,138,133,136,129,131,135,251,251,245,232,188,101,206,77,256,245,231,197,304,301,318,297,285,95,95,95,95,95,95,95,95,95,126,95,280,281,209]} 1. e4 c5 2. Nf3 Nc6 3. Nc3 a6 4. d4 cxd4 5. Nxd4 d6 6. h3 Nf6 7. g4 {B90: Sicilian Najdorf: Unusual White 6th moves, 6 Be3 Ng4 and 6 Be3 e5.} e5 8. Nf5 (8. Nde2 $14) 8... h5 $11 9. Rg1 {The position is equal.} hxg4 10. hxg4 Bxf5 11. exf5 {[#]} Rh2 $146 (11... Qa5 $11) ({Predecessor:} 11... Qa5 12. Bg2 d5 13. Bd2 O-O-O 14. g5 Nh5 15. Nxd5 Rxd5 16. Bxa5 Rxd1+ 17. Rxd1 Nxa5 {½-½ (65) Peredy,F (2208)-Csoli,O (2199) Hungary 2016}) 12. g5 $16 Nd7 ({Don't go for} 12... Qb6 $2 13. Be3 $18) 13. Be3 Qa5 14. a3 Ne7 15. Qf3 e4 $2 (15... Rc8 $14 16. O-O-O Rxc3) 16. Qf4 Qe5 17. O-O-O {Threatens to win with Bg2.} ({Don't take} 17. Nxe4 $6 Nxf5 18. O-O-O O-O-O $14) 17... Nxf5 18. Rd5 $1 {[%cal Rd5e5]} Qxf4 19. Bxf4 Rxf2 20. Rxf5 g6 21. Nxe4 {[%mdl 64] Double Attack} Rxf1+ 22. Rxf1 gxf5 23. Nxd6+ Bxd6 24. Bxd6 {[%mdl 4096] Endgame Re1+ is the strong threat. KRB-KRN} O-O-O (24... Rc8 $142) 25. Rxf5 Nb6 (25... Rg8 $16 26. c4 (26. Rxf7 Rxg5 27. Rh7 Nf6 $16) 26... Rg6) 26. Be7 $18 Rh8 27. b3 ({Better is} 27. Rxf7 $18 Nc4 28. Kb1) 27... Rh7 $16 28. a4 Kd7 29. Bc5 Na8 30. Rf6 Nc7 31. Rd6+ Ke8 (31... Kc8 $16 {is a better defense.} 32. g6 fxg6) 32. Bd4 $18 {Hoping for Rh6.} Rh1+ 33. Kb2 Rd1 {[#] Threatening ...Ke7.} 34. Kc3 (34. c3 $1 $18) 34... Ne6 (34... b5 $16) 35. Rd5 (35. g6 $1 $18 {and the rest is easy.}) 35... Nxd4 $2 (35... b5 $16) 36. Rxd4 $16 {KR-KR} Rg1 37. Rd5 Ke7 (37... Rg4 {was worth a try.} 38. Rf5 Rg2) 38. Kb4 $18 Ke6 39. Rc5 Kd6 40. a5 $2 (40. Rf5 $18 {is the precise move to win.}) 40... Rg4+ $16 41. c4 {Black must now prevent Rf5.} Rf4 42. Rd5+ Kc6 43. Re5 Kd6 44. Re8 Rg4 45. Rg8 f5 $2 {[#]} (45... Rg3 $16 46. Rd8+ Kc6) 46. Rg6+ $1 $18 Ke5 {[%mdl 32768] Weighted Error Value: White=0.25/Black=0.36. Sensor Board Error (Ke4/e5)?} 0-1

[Event "9th Bangabandhu Rapid Men 2021"]
[Site "Dhaka"]
[Date "2021.04.02"]
[Round "2.5"]
[White "Md. Hadiuzzaman"]
[Black "Mohammad Minhaz Uddin"]
[Result "0-1"]
[WhiteElo "2034"]
[BlackElo "2295"]
[Annotator "TA"]
[PlyCount "68"]
[EventDate "2021.04.02"]
[EventType "swiss"]
[EventCountry "BAN"]
[SourceTitle "playchess.com"]
[Source "ChessBase"]
[SourceQuality "1"]

{[%evp 9,68,-11,7,3,6,0,10,0,0,0,-9,4,0,-33,1,0,20,-54,-36,-54,-48,-38,-35,-40,-51,-81,-75,-125,-93,-137,-134,-151,-139,-146,-149,-295,-149,-168,-168,-209,-208,-461,-397,-914,-854,-817,-643,-633,-435,-407,-425,-918,-907,-29990,-29991,-29994,-29988,-29986,-29987,-29987,-29988]} 1. d4 Nf6 2. Nf3 e6 3. e3 b6 4. Be2 Bb7 5. c3 d6 6. Nbd2 {A47: 1 d4 Nf6 2 Nf3 b6: Torre, London and Colle Systems.} Nbd7 {[#]} 7. Qc2 $146 ({Predecessor:} 7. Nc4 Be7 8. O-O O-O 9. a4 Re8 10. a5 b5 11. a6 Bxf3 12. Bxf3 bxc4 13. Bxa8 Qxa8 {0-1 (24) Dudnikov,N-Elizarov,D (2301) Novoshachtinsk 2007}) 7... g6 8. b3 {The position is equal.} Bg7 9. a4 a6 10. Bb2 O-O 11. e4 e5 12. O-O Nh5 13. d5 (13. g3 $11) 13... Nf4 $15 14. Rfe1 Nxe2+ 15. Rxe2 a5 16. c4 f5 17. Rae1 f4 18. Bc1 h5 19. Nb1 g5 20. Nfd2 Bc8 21. f3 g4 22. Nf1 (22. Kh1 $17) 22... Rf6 (22... gxf3 $19 23. gxf3 Bf6 24. Rg2+ Kh8) 23. Qc3 Rg6 24. Kh1 Nc5 25. g3 $2 (25. Ba3 {might work better.}) 25... h4 {[#] And now ...gxf3 would win.} 26. Rb2 $2 (26. Nbd2) 26... hxg3 27. hxg3 fxg3 28. Nxg3 {If only White now had time for Rh2....} Qh4+ 29. Rh2 Qxg3 30. Rf1 (30. Rg1 $142 Qxg1+ 31. Kxg1 gxf3+ {[%mdl 64] Discovered Attack} 32. Kf1 Nxe4 33. Qe3 Ng3+ 34. Ke1) 30... gxf3 $19 31. Be3 Bh3 {Black mates.} 32. Bf2 Bg2+ 33. Kg1 {[#]} Qxh2+ $3 {[%mdl 64] Remove Defender} 34. Kxh2 Rh6+ {Weighted Error Value: White=0.93/Black=0.24} 0-1

[Event "9th Bangabandhu Rapid Men 2021"]
[Site "Dhaka"]
[Date "2021.04.02"]
[Round "2.6"]
[White "Islam, Khandaker Aminul"]
[Black "Ghosh Chanchal Kumer"]
[Result "1-0"]
[WhiteElo "2174"]
[BlackElo "2066"]
[Annotator "TA"]
[PlyCount "69"]
[EventDate "2021.04.02"]
[EventType "swiss"]
[EventCountry "BAN"]
[SourceTitle "playchess.com"]
[Source "ChessBase"]
[SourceQuality "1"]

{[%evp 15,69,19,21,20,19,16,49,2,7,9,60,0,58,44,47,41,44,45,37,0,75,78,156,66,141,140,229,229,291,201,213,153,176,175,159,156,290,300,495,458,950,941,912,920,813,521,1171,1165,1644,1615,1529,1492,1434,1177,29997,29998]} 1. Nf3 d5 2. c4 e6 3. g3 Nf6 4. Bg2 c6 5. b3 Nbd7 6. Bb2 Bd6 7. d4 Ne4 8. O-O O-O 9. Ne1 {E01: Catalan: Early deviations.} f5 10. Nd3 Qg5 11. Ba3 {White is slightly better.} Bxa3 12. Nxa3 {[#]} Qh6 $146 (12... b6 $11) ({Predecessor:} 12... Rf6 13. Nf4 Rh6 14. b4 Qe7 15. f3 Ng5 16. Qb3 a6 17. Rae1 Nf6 18. Nb1 dxc4 19. Qxc4 {1-0 (74) Sebenik,M (2425)-Najjar,A (2367) Beirut 2003}) 13. Nc2 (13. Qc1 $14) 13... g5 ({Better is} 13... Nd2 $11) 14. f3 Nd6 15. c5 Nf7 16. e4 f4 17. b4 {[%cal Bb3b4,Bb4b5][%mdl 32]} (17. gxf4 {looks sharper.} gxf4 18. Qd2 dxe4 19. fxe4 e5 20. dxe5 Ndxe5 21. Nxf4 Bd7 22. Qe1) 17... Qf6 (17... dxe4 $11 18. fxe4 e5) 18. Qd2 {[%cal Rg3f4] White now steadily converts the win.} e5 {[#]} (18... dxe4 $142 19. fxe4 e5) 19. Rae1 (19. exd5 $1 $16 a5 20. Rae1 (20. bxa5 exd4 21. gxf4 gxf4 $16)) 19... exd4 (19... dxe4 $1 $14 20. Rxe4 (20. fxe4 a5 $14) 20... Qg7) 20. exd5 cxd5 (20... Nde5 $16) 21. gxf4 $18 a5 22. b5 ({Resist} 22. bxa5 Qd8 $18) 22... b6 23. cxb6 Nxb6 {[#]} 24. fxg5 $1 Nxg5 25. Ne5 Ne6 (25... d3 $16 {might work better.}) 26. f4 ({Not} 26. Nxd4 Nf4 $16) 26... Bb7 $2 (26... Ra7 27. f5 (27. Nxd4 Rg7 $18) 27... Qg5 28. Qxg5+ Nxg5 29. Nxd4 Rc7) 27. f5 Ng5 (27... Nc5 $142 28. Ng4 Qg7) 28. Ng4 Qg7 29. f6 Qg6 30. Ne5 Qh6 {Strongly threatening ...Nh3+.} 31. Qxd4 Rxf6 32. Ng4 {[%mdl 64] Double Attack} Rxf1+ 33. Rxf1 {[%cal Rg4h6]} Qg6 {[#]} 34. Rf6 $1 {[%mdl 64] Double Attack} Qxc2 (34... Qg7 35. Rxb6) 35. Nh6+ {Weighted Error Value: White=0.33/Black=0.81} 1-0

[Event "9th Bangabandhu Rapid Men 2021"]
[Site "Dhaka"]
[Date "2021.04.02"]
[Round "2.7"]
[White "Zia, Tahsin Tajwar"]
[Black "Rahman, Taibur"]
[Result "1-0"]
[WhiteElo "2092"]
[BlackElo "2215"]
[Annotator "TA"]
[PlyCount "131"]
[EventDate "2021.04.02"]
[EventType "swiss"]
[EventCountry "BAN"]
[SourceTitle "playchess.com"]
[Source "ChessBase"]
[SourceQuality "1"]

{[%evp 9,131,-7,2,-2,7,0,-6,-12,-6,-32,-26,-34,-25,-39,257,-20,8,9,91,0,28,0,20,0,0,6,0,-15,-3,-23,-21,-27,-20,-19,-23,-31,-19,-28,0,-11,-3,-31,0,0,0,-12,0,-9,0,-9,0,-66,0,-77,-77,-77,-74,-77,-83,-85,0,-52,-20,-62,-3,-10,0,-30,0,0,0,0,0,0,0,0,304,301,293,279,469,469,475,312,475,475,656,555,704,475,475,475,475,475,475,467,485,461,310,0,957,802,514,514,3887,2794,4582,4134,29974,29976,29976,29977,29977,29978,29978,29979,29979,29980,29980,29981,29981,29982,29982,29983]} 1. d4 d5 2. Bf4 e6 3. e3 Bd6 4. Bg3 Nf6 5. Nd2 c5 6. Ngf3 {D00: 1 d4 d5: Unusual lines.} O-O 7. c3 Qc7 8. Ne5 {The position is equal. 8.dxc5 is the modern continuation.} Nfd7 {[%cal Rd7e5]} 9. f4 f6 {[%cal Rd7e5]} 10. Nxd7 Nxd7 11. Bd3 {[#]} e5 $146 {[%mdl 8192]} (11... c4 $15 {stays ahead.} 12. Bc2 f5) ({Predecessor:} 11... c4 12. Bc2 f5 13. Bh4 Nf6 14. Bxf6 Rxf6 15. g4 fxg4 16. Qxg4 e5 17. Qh5 g6 {1-0 (37) Obregon,C (2525)-Kretov,E (2269) Chess.com INT 2021}) 12. O-O $2 (12. Qh5 $1 $18 g6 13. Bxg6 hxg6 14. Qxg6+ Kh8 15. fxe5 fxe5 16. Nf3) 12... cxd4 13. cxd4 {Strongly threatening Rc1.} exd4 {[#]} (13... e4 $11 {remains equal.} 14. Rc1 Qa5) 14. exd4 (14. Qh5 f5 $17) (14. Rc1 $1 $16 {[%cal Rc1c7]} Qb8 15. Qf3 (15. exd4 f5 $14)) 14... Nb6 15. Qf3 Be6 16. Rac1 Qd7 17. f5 Bf7 18. b3 Rac8 19. Bb5 Qe7 {And now ...Bxg3 would win.} 20. Rce1 Qc7 21. Bxd6 Qxd6 22. Bd3 Rc3 {...Qb4 is the strong threat.} 23. Re3 Rfc8 24. Rfe1 Nd7 25. Qg4 (25. Qg3 $5 {[%cal Rg3d6]} Qb4 26. Nf3 $11) 25... Rc1 26. Rxc1 Rxc1+ 27. Nf1 Nb8 28. Rg3 {[%csl Gg3][%cal Rg4g7]} Qf8 29. Qf4 Re1 30. Kf2 (30. Qh4 $11) 30... Re8 (30... Ra1 $15) 31. Nd2 (31. Qh6 $11) 31... Nc6 $17 32. Bb5 Qb4 33. Bxc6 bxc6 34. Rd3 Kf8 (34... Qe7 $6 35. Re3 $11) (34... Qa3 $17 35. Re3 Qxa2 36. Rxe8+ Bxe8) 35. g4 (35. Nf3 $11) 35... a5 36. Kg3 Qe7 (36... h5 $15) 37. Nf3 $11 Kg8 38. Rc3 Qd7 39. Rc5 h5 {Hoping for ...hxg4.} 40. h3 (40. Rxa5 $2 hxg4 41. Nh4 Qe7 $19) 40... Re4 41. Qb8+ Kh7 (41... Re8 $5 42. Qf4 $8 Re4 43. Qb8+ Re8 44. Qf4 $11) 42. Rxa5 {Threatens to win with Ra7.} Re8 $2 {[%mdl 8192] [#]} (42... hxg4 $11 {and Black has nothing to worry.} 43. hxg4 Bh5 44. gxh5 Qxf5) 43. Ra7 $1 $18 {[%mdl 512]} Rxb8 44. Rxd7 hxg4 $2 (44... Kg8 {might work better.} 45. Rc7 Be8) 45. hxg4 {[%mdl 4096] Endgame KRB-KRN} ({Less strong is} 45. Rxf7 gxf3 46. Rc7 (46. Kxf3 Ra8 $11) 46... Kh6 $16) 45... Kg8 46. Rc7 Be8 (46... Kf8 $142 47. Rxc6 Rb7) 47. g5 Ra8 48. a4 Rb8 49. g6 Rxb3 50. a5 Ra3 51. Ra7 Kf8 52. a6 Ra4 53. Ra8 Ke7 54. Ra7+ $2 ({White should try} 54. Kf2 $18) 54... Bd7 $2 {[%mdl 8192] [#]} (54... Kf8 $11 55. Ra8 Ra5) 55. Ne5 $1 {[%mdl 512]} fxe5 56. dxe5 {KRB-KR} Ke8 (56... Rxa6 $142 57. Rxa6 Bxf5 58. Rxc6 Be6) 57. e6 Bxe6 58. fxe6 {KR-KR} d4 59. Rxg7 {White mates.} Rxa6 60. Rb7 Ra1 61. Kf4 d3 62. g7 {[%cal Rg7g8]} Rg1 63. Ke3 Rg3+ 64. Kd2 c5 65. Rb8+ Ke7 66. g8=Q {Weighted Error Value: White=0.34/Black=0.53} 1-0

[Event "9th Bangabandhu Rapid Men 2021"]
[Site "Dhaka"]
[Date "2021.04.02"]
[Round "3.1"]
[White "Mohammad Fahad, Rahman"]
[Black "Rahman, Ziaur"]
[Result "1-0"]
[WhiteElo "2307"]
[BlackElo "2419"]
[Annotator "ChessBase"]
[PlyCount "101"]
[EventDate "2021.04.02"]
[EventType "swiss"]
[EventCountry "BAN"]
[SourceTitle "playchess.com"]
[Source "ChessBase"]
[SourceQuality "1"]
[TimeControl "1500+10"]

1. e4 {[%emt 0:00:00]} c5 {[%emt 0:00:12]} 2. Nf3 {[%emt 0:00:11]} d6 {[%emt 0:00:08]} 3. d4 {[%emt 0:00:02]} cxd4 {[%emt 0:00:01]} 4. Nxd4 {[%emt 0:00:03]} Nf6 {[%emt 0:00:02]} 5. Nc3 {[%emt 0:00:03]} Nc6 {[%emt 0:00:04]} 6. Bc4 {[%emt 0:00:47]} Qb6 {[%emt 0:00:47]} 7. Nde2 {[%emt 0:00:03]} e6 {[%emt 0:00:15]} 8. O-O {[%emt 0:00:05]} a6 {[%emt 0:00:15]} 9. Be3 {[%emt 0:01:17]} Qc7 {[%emt 0:00:08]} 10. Ng3 {[%emt 0:00:05]} Be7 {[%emt 0:00:12]} 11. a4 {[%emt 0:00:56]} O-O {[%emt 0:24:46]} 12. f4 {[%emt 0:00:22]} Na5 {[%emt 0:00:00]} 13. Bd3 {[%emt 0:01:02]} Nc4 {[%emt 0:00:00]} 14. Bxc4 {[%emt 0:00:39]} Qxc4 {[%emt 0:00:00]} 15. Kh1 {[%emt 0:00:34]} Rd8 {[%emt 0:00:00]} 16. Bb6 {[%emt 0:00:19]} Re8 {[%emt 0:00:50]} 17. a5 {[%emt 0:03:01]} e5 {[%emt 0:00:00]} 18. Ra4 {[%emt 0:03:06]} Qc6 {[%emt 0:00:00]} 19. Qd3 {[%emt 0:00:07]} exf4 {[%emt 0:00:00]} 20. Rc4 {[%emt 0:00:24]} Qxc4 {[%emt 0:00:00]} 21. Qxc4 {[%emt 0:00:03]} fxg3 {[%emt 0:00:00]} 22. h3 {[%emt 0:01:22]} Bd7 {[%emt 0:00:00]} 23. Qd3 {[%emt 0:00:46]} Bc6 {[%emt 0:00:00]} 24. Bd4 {[%emt 0:01:32]} Nd7 {[%emt 0:00:00]} 25. Qxg3 {[%emt 0:00:39]} Bf8 {[%emt 0:00:00]} 26. Rf4 {[%emt 0:02:06]} Ne5 {[%emt 0:01:40]} 27. Rf5 {[%emt 0:01:11]} Ng6 {[%emt 0:00:00]} 28. Qf2 {[%emt 0:02:17]} f6 {[%emt 0:00:00]} 29. Qe2 {[%emt 0:00:23]} Ne5 {[%emt 0:00:00]} 30. Nd5 {[%emt 0:00:49]} Bxd5 {[%emt 0:00:00]} 31. exd5 {[%emt 0:00:11]} Nc6 {[%emt 0:00:00]} 32. Qg4 {[%emt 0:01:03]} Nxd4 {[%emt 0:00:00]} 33. Qxd4 {[%emt 0:00:02]} Re1+ {[%emt 0:00:00]} 34. Kh2 {[%emt 0:00:02]} Rae8 {[%emt 0:00:00]} 35. Rf2 {[%emt 0:01:11]} h5 {[%emt 0:00:00]} 36. Qb6 {[%emt 0:00:31]} R8e7 {[%emt 0:00:00]} 37. Rf5 {[%emt 0:01:02]} R7e2 {[%emt 0:00:00]} 38. Rf2 {[%emt 0:00:33]} Re7 {[%emt 0:00:00]} 39. Rf3 {[%emt 0:00:02]} Rc1 {[%emt 0:00:00]} 40. Re3 {[%emt 0:00:38]} Rf7 {[%emt 0:00:00]} 41. Re8 {[%emt 0:00:32]} g5 {[%emt 0:00:00]} 42. Qxd6 {[%emt 0:00:54]} Rxc2 {[%emt 0:00:00]} 43. Qe6 {[%emt 0:00:03]} Kg7 {[%emt 0:00:00]} 44. d6 {[%emt 0:00:28]} Rd2 {[%emt 0:00:00]} 45. Re7 {[%emt 0:00:12]} Bxe7 {[%emt 0:00:00]} 46. dxe7 {[%emt 0:00:04]} Rxe7 {[%emt 0:00:00]} 47. Qxe7+ {[%emt 0:00:02]} Kg6 {[%emt 0:00:00]} 48. Qe4+ {[%emt 0:00:05]} Kh6 {[%emt 0:00:01]} 49. Qxb7 {[%emt 0:00:08]} Kg6 {[%emt 0:00:09]} 50. Qxa6 {[%emt 0:00:07]} Rxb2 {[%emt 0:00:02]} 51. Qd3+ {[%emt 0:00:02]} 1-0

[Event "9th Bangabandhu Rapid Men 2021"]
[Site "Dhaka"]
[Date "2021.04.02"]
[Round "3.2"]
[White "Hossain, Enamul"]
[Black "Zia, Tahsin Tajwar"]
[Result "1-0"]
[WhiteElo "2426"]
[BlackElo "2092"]
[Annotator "ChessBase"]
[PlyCount "75"]
[EventDate "2021.04.02"]
[EventType "swiss"]
[EventCountry "BAN"]
[SourceTitle "playchess.com"]
[Source "ChessBase"]
[SourceQuality "1"]
[TimeControl "1500+10"]

1. d4 {[%emt 0:00:00]} d5 {[%emt 0:00:11]} 2. Nf3 {[%emt 0:00:01]} Nf6 {[%emt 0:00:10]} 3. c4 {[%emt 0:00:02]} e6 {[%emt 0:00:05]} 4. g3 {[%emt 0:01:11]} Bb4+ {[%emt 0:00:02]} 5. Bd2 {[%emt 0:00:02]} Be7 {[%emt 0:00:05]} 6. Bg2 {[%emt 0:00:04]} O-O {[%emt 0:00:03]} 7. O-O {[%emt 0:00:10]} c6 {[%emt 0:00:04]} 8. Qc2 {[%emt 0:00:12]} Ne4 {[%emt 0:00:03]} 9. Bf4 {[%emt 0:00:52]} Nd7 {[%emt 0:00:15]} 10. Nc3 {[%emt 0:00:22]} g5 {[%emt 0:00:08]} 11. Be3 {[%emt 0:03:14]} Nd6 {[%emt 0:00:03]} 12. cxd5 {[%emt 0:00:18]} cxd5 {[%emt 0:00:16]} 13. Rad1 {[%emt 0:00:07]} b5 {[%emt 0:00:42]} 14. Ne5 {[%emt 0:01:41]} Bb7 {[%emt 0:00:48]} 15. f4 {[%emt 0:00:49]} b4 {[%emt 0:04:10]} 16. Na4 {[%emt 0:00:27]} Rc8 {[%emt 0:02:19]} 17. Qd3 {[%emt 0:01:15]} Nxe5 {[%emt 0:02:43]} 18. fxe5 {[%emt 0:01:25]} Ne4 {[%emt 0:00:10]} 19. b3 {[%emt 0:03:01]} Qa5 {[%emt 0:00:32]} 20. Bxe4 {[%emt 0:03:27]} dxe4 {[%emt 0:00:02]} 21. Qd2 {[%emt 0:00:01]} h6 {[%emt 0:01:20]} 22. h4 {[%emt 0:00:02]} Qd5 {[%emt 0:00:03]} 23. hxg5 {[%emt 0:02:24]} Bxg5 {[%emt 0:00:35]} 24. Nc5 {[%emt 0:00:26]} Ba8 {[%emt 0:04:41]} 25. Qc1 {[%emt 0:00:07]} Rxc5 {[%emt 0:05:00]} 26. dxc5 {[%emt 0:00:10]} Qxe5 {[%emt 0:00:01]} 27. Bf4 {[%emt 0:01:13]} Bxf4 {[%emt 0:00:43]} 28. Qxf4 {[%emt 0:00:02]} Qxc5+ {[%emt 0:00:06]} 29. e3 {[%emt 0:00:01]} Qh5 {[%emt 0:01:38]} 30. Rd7 {[%emt 0:01:15]} Bc6 {[%emt 0:01:12]} 31. Rxa7 {[%emt 0:01:23]} Bb5 {[%emt 0:00:01]} 32. Rf2 {[%emt 0:00:49]} Bd3 {[%emt 0:01:31]} 33. g4 {[%emt 0:00:34]} Qg6 {[%emt 0:00:32]} 34. Rh2 {[%emt 0:00:50]} Rc8 {[%emt 0:00:08]} 35. Rxh6 {[%emt 0:00:24]} Qg7 {[%emt 0:00:14]} 36. Kh2 {[%emt 0:00:48]} Rc2+ {[%emt 0:00:11]} 37. Kg3 {[%emt 0:00:09]} e5 {[%emt 0:00:07]} 38. Ra8+ {[%emt 0:00:03]} 1-0

[Event "9th Bangabandhu Rapid Men 2021"]
[Site "Dhaka"]
[Date "2021.04.02"]
[Round "3.3"]
[White "Mohammad Minhaz Uddin"]
[Black "Manon, Reja Neer"]
[Result "1/2-1/2"]
[WhiteElo "2295"]
[BlackElo "2143"]
[Annotator "ChessBase"]
[PlyCount "54"]
[EventDate "2021.04.02"]
[EventType "swiss"]
[EventCountry "BAN"]
[SourceTitle "playchess.com"]
[Source "ChessBase"]
[SourceQuality "1"]
[TimeControl "1500+10"]

1. e4 {[%emt 0:25:10]} c5 {[%emt 0:00:24]} 2. Nf3 {[%emt 0:00:00]} d6 {[%emt 0:00:03]} 3. d4 {[%emt 0:00:00]} cxd4 {[%emt 0:00:02]} 4. Nxd4 {[%emt 0:00:00]} Nf6 {[%emt 0:00:02]} 5. Nc3 {[%emt 0:00:40]} a6 {[%emt 0:00:20]} 6. g3 {[%emt 0:00:10]} e6 {[%emt 0:00:24]} 7. Bg2 {[%emt 0:00:00]} Be7 {[%emt 0:00:01]} 8. O-O {[%emt 0:00:00]} O-O {[%emt 0:25:04]} 9. g4 {[%emt 0:00:00]} Nc6 {[%emt 0:00:00]} 10. h3 {[%emt 0:00:40]} Nd7 {[%emt 0:00:00]} 11. Be3 {[%emt 0:00:10]} Qc7 {[%emt 0:00:00]} 12. Qd2 {[%emt 0:00:00]} Nde5 {[%emt 0:00:00]} 13. b3 {[%emt 0:00:00]} Nxd4 {[%emt 0:00:00]} 14. Bxd4 {[%emt 0:00:30]} Nc6 {[%emt 0:00:00]} 15. Be3 {[%emt 0:00:10]} b5 {[%emt 0:01:10]} 16. a4 {[%emt 0:00:10]} b4 {[%emt 0:00:00]} 17. Ne2 {[%emt 0:00:10]} Bb7 {[%emt 0:00:00]} 18. f4 {[%emt 0:00:10]} Rad8 {[%emt 0:00:30]} 19. Nd4 {[%emt 0:00:10]} Nxd4 {[%emt 0:00:10]} 20. Bxd4 {[%emt 0:00:00]} e5 {[%emt 0:00:00]} 21. Bb2 {[%emt 0:00:00]} exf4 {[%emt 0:00:00]} 22. Rxf4 {[%emt 0:00:30]} Bg5 {[%emt 0:00:00]} 23. Qd4 {[%emt 0:00:00]} Qc5 {[%emt 0:00:00]} 24. Rf2 {[%emt 0:00:20]} f6 {[%emt 0:00:50]} 25. Re2 {[%emt 0:00:10]} a5 {[%emt 0:00:10]} 26. c4 {[%emt 0:00:10]} Rfe8 {[%emt 0:00:00]} 27. Rd1 {[%emt 0:00:10]} Bf4 {[%emt 0:00:20]} 1/2-1/2

[Event "9th Bangabandhu Rapid Men 2021"]
[Site "Dhaka"]
[Date "2021.04.02"]
[Round "3.4"]
[White "Uddin, Md. Saif"]
[Black "Islam, Khandaker Aminul"]
[Result "0-1"]
[WhiteElo "1855"]
[BlackElo "2174"]
[Annotator "ChessBase"]
[PlyCount "89"]
[EventDate "2021.04.02"]
[EventType "swiss"]
[EventCountry "BAN"]
[SourceTitle "playchess.com"]
[Source "ChessBase"]
[SourceQuality "1"]
[TimeControl "1500+10"]

1. Nf3 {[%emt 0:00:00]} g6 {[%emt 0:00:00]} 2. b4 {[%emt 0:00:00]} Bg7 {[%emt 0:00:00]} 3. d4 {[%emt 0:00:04]} d5 {[%emt 0:00:17]} 4. e3 {[%emt 0:00:15]} Bg4 {[%emt 0:00:39]} 5. c4 {[%emt 0:00:10]} c6 {[%emt 0:00:04]} 6. Bb2 {[%emt 0:00:29]} Nd7 {[%emt 0:00:15]} 7. Nbd2 {[%emt 0:01:30]} Ngf6 {[%emt 0:01:15]} 8. Qb3 {[%emt 0:00:07]} O-O {[%emt 0:00:26]} 9. Bd3 {[%emt 0:01:17]} dxc4 {[%emt 0:02:00]} 10. Nxc4 {[%emt 0:01:59]} Bxf3 {[%emt 0:00:07]} 11. gxf3 {[%emt 0:00:02]} Nb6 {[%emt 0:01:41]} 12. Na5 {[%emt 0:01:50]} Rb8 {[%emt 0:00:14]} 13. e4 {[%emt 0:01:56]} Nh5 {[%emt 0:00:13]} 14. Rd1 {[%emt 0:01:17]} Nf4 {[%emt 0:05:18]} 15. Bf1 {[%emt 0:00:11]} Qd6 {[%emt 0:01:18]} 16. a3 {[%emt 0:04:13]} Rfd8 {[%emt 0:00:25]} 17. Nc4 {[%emt 0:02:46]} Nxc4 {[%emt 0:00:30]} 18. Bxc4 {[%emt 0:00:07]} e6 {[%emt 0:00:57]} 19. h4 {[%emt 0:03:19]} Qe7 {[%emt 0:00:06]} 20. Kf1 {[%emt 0:00:28]} Rd7 {[%emt 0:00:47]} 21. Bc1 {[%emt 0:00:20]} Nh5 {[%emt 0:00:02]} 22. Bg5 {[%emt 0:01:02]} Bf6 {[%emt 0:00:01]} 23. Qe3 {[%emt 0:00:59]} Rbd8 {[%emt 0:01:11]} 24. Kg2 {[%emt 0:00:53]} Bxg5 {[%emt 0:00:27]} 25. hxg5 {[%emt 0:00:19]} e5 {[%emt 0:00:07]} 26. Rxh5 {[%emt 0:00:29]} gxh5 {[%emt 0:00:01]} 27. d5 {[%emt 0:00:04]} Kh8 {[%emt 0:00:18]} 28. Rh1 {[%emt 0:00:59]} Rg8 {[%emt 0:00:01]} 29. Rxh5 {[%emt 0:00:02]} Rd6 {[%emt 0:01:03]} 30. Kf1 {[%emt 0:00:42]} b5 {[%emt 0:01:32]} 31. Bb3 {[%emt 0:00:14]} Rdg6 {[%emt 0:00:58]} 32. f4 {[%emt 0:00:38]} cxd5 {[%emt 0:00:43]} 33. exd5 {[%emt 0:00:14]} f6 {[%emt 0:01:19]} 34. gxf6 {[%emt 0:00:40]} Qxf6 {[%emt 0:00:22]} 35. Qxe5 {[%emt 0:00:21]} Rc8 {[%emt 0:03:14]} 36. d6 {[%emt 0:00:35]} Qg7 {[%emt 0:01:38]} 37. d7 {[%emt 0:00:21]} Rd8 {[%emt 0:00:06]} 38. Qxg7+ {[%emt 0:00:14]} Kxg7 {[%emt 0:00:15]} 39. f5 {[%emt 0:00:10]} Rd6 {[%emt 0:00:17]} 40. Be6 {[%emt 0:00:02]} Rd3 {[%emt 0:00:10]} 41. Rg5+ {[%emt 0:00:16]} Kf6 {[%emt 0:00:05]} 42. Rg3 {[%emt 0:00:11]} Rd4 {[%emt 0:00:34]} 43. Ke2 {[%emt 0:00:12]} h5 {[%emt 0:00:12]} 44. Ke3 {[%emt 0:00:10]} Ke5 {[%emt 0:01:12]} 45. Rg2 {[%emt 0:00:23]} 0-1